000 00275nam a22001217a 4500
008 260423b |||||||| |||| 00| 0 eng d
082 _a001325
100 _aJaidev
245 _aCharaka Samhita
260 _aDelhi
_bMotilal Banarasidass
_c2018
300 _a522p
942 _2ddc
999 _c1279
_d1279